000 00192nam a2200085Ia 4500
008 120527s9999 xx 000 0 und d
100 _aStumpt, Enoch
245 _aSocrates to sartre
942 _cBK
999 _c27730
_d27730